[Event "Challenge"]
[Site "http://www.queenalice.com/game.php?id=3282"]
[Date "2005.1.3"]
[Round "-"]
[White "autism_logic"]
[Black "Pegasus"]
[Result "1-0"]
[WhiteElo "1577"]
[BlackElo "1280"]

1. e4 e5 2. Nf3 Nc6 3. Bb5 Nd4 4. Nxd4 exd4 5. O-O c6 6. Bc4 d5 7. exd5 cxd5 8.
Re1+ Be7 9. Bd3 Nf6 10. Qe2 Bg4 11. f3 Bh5 12. b3 Qc7 13. Ba3 Ng8 14. c4 Rd8 15.
cxd5 Rxd5 16. Bxe7 Qxe7 17. Be4 Rd7 18. d3 Nf6 19. Qd2 O-O 20. Bxh7+ 1-0

[Event "Time is life"]
[Site "http://www.queenalice.com/game.php?id=3919"]
[Date "2005.1.17"]
[Round "-"]
[White "michas"]
[Black "autism_logic"]
[Result "0-1"]
[WhiteElo "1561"]
[BlackElo "1650"]

1. b4 e5 2. Bb2 Bxb4 3. Bxe5 Nf6 4. a3 Ba5 5. e3 O-O 6. Bb2 d5 7. c4 c6 8. Nf3
Bg4 9. h3 Bh5 10. g4 Bg6 11. cxd5 Nxd5 12. Qb3 Qe7 13. Be2 b6 14. a4 Nd7 15. Ba3
Nc5 16. Qc4 Rfe8 17. O-O Qf6 18. Bxc5 bxc5 19. Ra2 Nb4 20. Ra3 Qd6 21. Rc1 Re7
22. Nc3 Nd3 23. Bxd3 Bxd3 24. Qa6 Bxa6 0-1

[Event "Time is life"]
[Site "http://www.queenalice.com/game.php?id=3920"]
[Date "2005.1.17"]
[Round "-"]
[White "autism_logic"]
[Black "michas"]
[Result "1-0"]
[WhiteElo "1767"]
[BlackElo "1488"]

1. e4 e6 2. d4 a6 3. c4 b5 4. cxb5 axb5 5. Bxb5 Bb7 6. Nc3 f5 7. d5 exd5 8. exd5
Qe7+ 9. Qe2 Qxe2+ 10. Ngxe2 Nf6 11. Bc4 Bb4 12. O-O O-O 13. d6+ Kh8 14. dxc7 Na6
15. Bf4 Rac8 16. Nb5 Ne8 17. a3 Ba5 18. Rfd1 Naxc7 19. Nxc7 Nxc7 20. Rxd7 Bc6
21. Re7 Rfe8 22. Rxe8+ Bxe8 23. b4 Bb6 24. a4 Bh5 25. Ng3 Bg6 26. a5 Ba7 27. b5
Ne8 28. b6 Bb8 29. Bxb8 Rxb8 30. Be6 Nd6 31. f3 f4 32. Ne2 Re8 33. Nxf4 Rb8 34.
Nxg6+ hxg6 35. a6 Nb5 36. a7 Nxa7 37. bxa7 Ra8 38. Bd5 Rxa7 39. Rxa7 1-0

[Event "Challenge"]
[Site "http://www.queenalice.com/game.php?id=3950"]
[Date "2005.1.18"]
[Round "-"]
[White "dnptrs"]
[Black "autism_logic"]
[Result "1/2-1/2"]
[WhiteElo "1823"]
[BlackElo "1728"]

1. d4 c6 2. Nf3 d5 3. e3 Nf6 4. c4 Bg4 5. Nc3 e6 6. cxd5 exd5 7. Qb3 Qc7 8. Ne5
Bf5 9. Bd3 Bxd3 10. Nxd3 Bd6 11. f4 Nbd7 12. Bd2 O-O 13. h3 Rfe8 14. Ne5 a6 15.
O-O b5 16. Rac1 Rab8 17. Rce1 a5 18. Qd1 Ne4 19. Nxe4 dxe4 20. Qc2 Rbc8 21. Rc1
c5 22. Bxa5 Qxa5 23. Nxd7 c4 24. Ne5 f6 25. Ng4 Qxa2 26. Nf2 f5 27. Ra1 Qb3 28.
Qxb3 cxb3 29. Rfc1 1/2-1/2

[Event "We are Borg. You will be assimil"]
[Site "http://www.queenalice.com/game.php?id=4190"]
[Date "2005.1.24"]
[Round "-"]
[White "autism_logic"]
[Black "michas"]
[Result "1-0"]
[WhiteElo "1740"]
[BlackElo "1462"]

1. e4 a6 2. d4 b5 3. c4 Bb7 4. d5 bxc4 5. Bxc4 e6 6. dxe6 fxe6 7. Qh5+ g6 8. Qe5
Nf6 9. Bg5 Be7 10. Nc3 Nc6 11. Qf4 Nb4 12. Rd1 Nc2+ 13. Kf1 h6 14. Bxf6 Bxf6 15.
Bxe6 d6 16. Nd5 Bxd5 17. exd5 Rb8 18. Qe4 Qe7 19. Qxg6+ Kd8 20. Qxc2 Rxb2 21.
Qc6 Rb8 22. Nf3 a5 23. Ke2 Rb2+ 24. Nd2 Rb8 25. Rb1 Rxb1 26. Qa8+ 1-0

[Event "We are Borg. You will be assimil"]
[Site "http://www.queenalice.com/game.php?id=4191"]
[Date "2005.1.24"]
[Round "-"]
[White "michas"]
[Black "autism_logic"]
[Result "0-1"]
[WhiteElo "1495"]
[BlackElo "1754"]

1. a3 e5 2. b4 d6 3. Bb2 Nf6 4. c4 Be7 5. e3 O-O 6. Nc3 Bg4 7. Be2 Bf5 8. Nf3
Nbd7 9. Nh4 Be6 10. Nf3 c6 11. Ng5 Bf5 12. h4 c5 13. b5 h6 14. Nf3 e4 15. Ng1
Nb6 16. g4 Bh7 17. g5 hxg5 18. hxg5 d5 19. gxf6 Bxf6 20. cxd5 Nxd5 21. Qc1 Nxc3
22. Bxc3 Bh4 23. Qb2 Qe7 24. Bxg7 Rfd8 25. Bh8 f6 26. Bxf6 Bxf6 27. d4 cxd4 28.
Qb3+ Kg7 29. Rc1 d3 30. Bd1 d2+ 0-1

[Event "We are Borg. You will be assimil"]
[Site "http://www.queenalice.com/game.php?id=4192"]
[Date "2005.1.24"]
[Round "-"]
[White "autism_logic"]
[Black "michas"]
[Result "1-0"]
[WhiteElo "1702"]
[BlackElo "1489"]

1. d4 b5 2. e4 Bb7 3. Nd2 a6 4. c4 bxc4 5. Bxc4 Nf6 6. Qb3 d5 7. Qxb7 dxc4 8.
Qxa8 c6 9. Ngf3 Qc7 10. d5 Nd7 11. dxc6 Nb6 12. Qb7 Qxb7 13. cxb7 e6 14. Ne5
N6d7 15. Ndxc4 Nxe5 16. Nxe5 f6 17. Bf4 fxe5 18. Bxe5 Bb4+ 19. Ke2 O-O 20. Rac1
1-0

[Event "We are Borg. You will be assimil"]
[Site "http://www.queenalice.com/game.php?id=4193"]
[Date "2005.1.24"]
[Round "-"]
[White "michas"]
[Black "autism_logic"]
[Result "0-1"]
[WhiteElo "1482"]
[BlackElo "1777"]

1. e3 c5 2. a3 d6 3. g3 Nc6 4. Bg2 Nf6 5. Bxc6+ bxc6 6. Qf3 Bd7 7. Nc3 g6 8. h3
Bg7 9. Rb1 O-O 10. Ne4 Nxe4 11. Qxe4 d5 12. Qg2 Rb8 13. c3 Bf5 14. Ra1 Be4 15.
f3 Bd3 16. Ne2 e5 17. h4 Re8 18. h5 d4 19. e4 f5 20. hxg6 hxg6 21. Qh3 fxe4 22.
Qh7+ Kf7 23. Qh3 Qf6 24. f4 Re6 25. fxe5 Qxe5 26. Rf1+ Ke7 27. Nf4 Rf8 28. Qh4+
Kd6 29. Qh7 Rh8 30. Qxg6 Rxg6 31. Rg1 Rxg3 32. Rxg3 Rh1+ 33. Kf2 Qxf4+ 34. Kg2
Qf1# 0-1

[Event "Challenge"]
[Site "http://www.queenalice.com/game.php?id=4982"]
[Date "2005.2.8"]
[Round "-"]
[White "alib2004"]
[Black "autism_logic"]
[Result "1-0"]
[WhiteElo "1823"]
[BlackElo "1711"]

1. e4 c6 2. c4 e5 3. Nf3 d6 4. Be2 Nf6 5. d3 Be7 6. O-O O-O 7. Nc3 Nbd7 8. b4 a6
9. a4 b6 10. Bd2 Bb7 11. b5 cxb5 12. axb5 a5 13. Be3 Nc5 14. Nd5 Nxd5 15. exd5
f5 16. Bxc5 bxc5 17. Nd2 Rf6 18. f4 Qe8 19. fxe5 dxe5 20. Qe1 Bd6 21. Nb3 a4 22.
Nd2 Qg6 23. Qd1 Qh6 24. h3 Rg6 25. Kh1 Rf8 26. Rxa4 Rg3 27. Rf3 f4 28. Ne4 Rxf3
29. Bxf3 Be7 30. Bg4 Ra8 31. Rxa8+ Bxa8 32. Qa4 1-0

[Event "Challenge"]
[Site "http://www.queenalice.com/game.php?id=4983"]
[Date "2005.2.8"]
[Round "-"]
[White "autism_logic"]
[Black "alib2004"]
[Result "1-0"]
[WhiteElo "1785"]
[BlackElo "1898"]

1. d4 d5 2. c4 dxc4 3. e3 b5 4. a4 c6 5. axb5 cxb5 6. Qf3 Nc6 7. Qxc6+ Bd7 8.
Qf3 Nf6 9. Nc3 g6 10. b3 cxb3 11. Nxb5 Rb8 12. Rxa7 Bg7 13. Nc7+ 1-0

[Event "AUTO-OPEN-33"]
[Site "http://www.queenalice.com/game.php?id=5585"]
[Date "2005.2.19"]
[Round "2"]
[White "autism_logic"]
[Black "merlos"]
[Result "1/2-1/2"]
[WhiteElo "1688"]
[BlackElo "1725"]

1. e4 e5 2. Nf3 d6 3. Nc3 Nf6 4. Bc4 Be7 5. O-O O-O 6. d4 exd4 7. Nxd4 c5 8. Nf5
Nxe4 9. Nxe7+ Qxe7 10. Re1 Nxc3 11. bxc3 Qf6 12. Re3 Nc6 13. Rg3 g6 14. Bg5 Qe5
15. Qf3 Qf5 16. Qe3 Ne5 17. Bd3 Qe6 18. Be2 Bd7 19. Rd1 f5 20. Bf4 Bc6 21. h4
Be4 22. f3 Bc6 23. h5 Rf6 24. Rxd6 Qxd6 25. Bxe5 Qe7 26. Bc4+ Kf8 27. Qh6+ Qg7
28. Qg5 Ke7 29. hxg6 hxg6 30. Bxf6+ Qxf6 31. Qe3+ Kd6 32. Qh6 Be8 33. Qd2+ Kc7
34. Qd5 Qd6 35. Qxd6+ Kxd6 1/2-1/2

[Event "AUTO-OPEN-33"]
[Site "http://www.queenalice.com/game.php?id=5586"]
[Date "2005.2.19"]
[Round "2"]
[White "merlos"]
[Black "autism_logic"]
[Result "1-0"]
[WhiteElo "1704"]
[BlackElo "1754"]

1. d4 d5 2. Nf3 Nf6 3. Bg5 Nbd7 4. e3 h6 5. Bh4 e6 6. Bb5 c6 7. Bd3 Be7 8. O-O
O-O 9. c4 dxc4 10. Bxc4 b5 11. Bd3 Bb7 12. Bxf6 Nxf6 13. Nc3 Rc8 14. Ne4 Nxe4
15. Bxe4 Qb6 16. Ne5 Rfd8 17. Qh5 f5 18. Qf7+ Kh7 19. Qg6+ Kg8 20. Qxe6+ 1-0

[Event "Let's Play Chess!"]
[Site "http://www.queenalice.com/game.php?id=5664"]
[Date "2005.2.21"]
[Round "-"]
[White "georgiaflag"]
[Black "autism_logic"]
[Result "1-0"]
[WhiteElo "1925"]
[BlackElo "1696"]

1. e4 c5 2. Nf3 Nc6 3. d4 cxd4 4. Nxd4 Nf6 5. Nc3 d6 6. Bc4 g6 7. Nxc6 bxc6 8.
e5 Ng4 9. Bf4 d5 10. Nxd5 cxd5 11. Qxd5 Qxd5 12. Bxd5 Rb8 13. Bc6+ Bd7 14. Bxd7+
Kxd7 15. e6+ Kc8 16. Bxb8 Kxb8 17. exf7 Bg7 18. c3 Rf8 19. f3 Ne3 20. Kf2 Nd5
21. Rad1 e6 22. Rhe1 Rxf7 23. Rxe6 Nxc3 24. bxc3 Bxc3 25. h4 Bf6 26. Kg3 Kc7 27.
Rd5 Bd8 28. h5 gxh5 29. Rxh5 Kd7 30. Reh6 Bc7+ 31. Kh3 1-0

[Event "Let's Play Chess!"]
[Site "http://www.queenalice.com/game.php?id=5665"]
[Date "2005.2.21"]
[Round "-"]
[White "autism_logic"]
[Black "georgiaflag"]
[Result "0-1"]
[WhiteElo "1722"]
[BlackElo "1914"]

1. d4 Nf6 2. c4 e6 3. Nf3 b6 4. Nc3 Bb4 5. Bg5 Bb7 6. Qc2 O-O 7. O-O-O Bxc3 8.
Qxc3 Ne4 9. Bxd8 Nxc3 10. bxc3 Rxd8 11. d5 Na6 12. e4 Nc5 13. Nd2 a5 14. f4 Re8
15. Re1 exd5 16. cxd5 Bxd5 17. c4 Bxe4 18. Nxe4 Rxe4 19. Rxe4 Nxe4 20. g3 Re8
21. Bg2 Nd6 22. Rd1 Re2 23. Bd5 Rxa2 0-1

[Event "Challenge"]
[Site "http://www.queenalice.com/game.php?id=5833"]
[Date "2005.2.23"]
[Round "-"]
[White "mandaragit"]
[Black "autism_logic"]
[Result "1-0"]
[WhiteElo "2017"]
[BlackElo "1728"]

1. d4 d5 2. c4 c6 3. Nf3 Nf6 4. Qc2 e6 5. g3 Nbd7 6. Bg2 dxc4 7. Qxc4 Nb6 8. Qc2
Be7 9. O-O O-O 10. Rd1 Nbd5 11. e4 Nb4 12. Qe2 a5 13. Nc3 b6 14. Be3 Ba6 15. Qd2
Qc7 16. a3 Nd3 17. Bf1 Nxf2 18. Bxf2 b5 19. e5 Nd5 20. Ne4 Rfd8 21. Rac1 Rac8
22. Qc2 Bb7 23. Nc5 b4 24. Bd3 h6 25. Qe2 g6 26. Nxb7 Qxb7 27. Ba6 1-0

[Event "Challenge"]
[Site "http://www.queenalice.com/game.php?id=6478"]
[Date "2005.3.8"]
[Round "-"]
[White "MikeDoherty"]
[Black "autism_logic"]
[Result "1-0"]
[WhiteElo "1867"]
[BlackElo "1821"]

1. e4 c6 2. d4 d5 3. Nc3 dxe4 4. Nxe4 g6 5. Nf3 Bg7 6. Bc4 Bf5 7. Ng3 Bg4 8.
Bxf7+ Kf8 9. Bxg8 Kxg8 10. c3 e5 11. Qb3+ Qd5 12. Qxb7 Bxf3 13. Qxa8 Bxg2 14.
Qxb8+ 1-0

[Event "12, marÃ§o"]
[Site "http://www.queenalice.com/game.php?id=6820"]
[Date "2005.3.13"]
[Round "-"]
[White "altair"]
[Black "autism_logic"]
[Result "0-1"]
[WhiteElo "1694"]
[BlackElo "1690"]

1. e4 c6 2. Nf3 d5 3. exd5 cxd5 4. d4 Bf5 5. Nc3 e6 6. Bb5+ Nc6 7. Bxc6+ bxc6 8.
O-O Nf6 9. Bg5 Be7 10. Ne5 O-O 11. f3 Qc7 12. b3 h6 13. Bh4 c5 14. Bg3 Qb6 15.
Nd7 Nxd7 16. Bf2 cxd4 17. Bxd4 Bc5 18. Bf2 Bxf2+ 19. Rxf2 Rac8 20. Na4 Qe3 21.
Rc1 Rc6 22. c4 dxc4 23. bxc4 Ne5 24. Rc3 Nd3 25. Qf1 Qxf2+ 26. Qxf2 Nxf2 27.
Kxf2 Rd8 28. Rb3 Rd2+ 29. Kg3 Rxc4 30. Nb2 Rcc2 31. Rb8+ Kh7 32. Na4 Rxa2 33.
Nc3 Ra3 34. Nb1 Bxb1 35. Rxb1 Raa2 36. Rb7 Rxg2+ 37. Kf4 g5+ 38. Ke5 Kg6 39. Kd6
Rxh2 40. Ke7 Rhf2 41. Rb8 Rxf3 0-1

[Event "Let's Play Chess!"]
[Site "http://www.queenalice.com/game.php?id=16618"]
[Date "2005.6.18"]
[Round "-"]
[White "Pancho"]
[Black "autism_logic"]
[Result "1-0"]
[WhiteElo "1656"]
[BlackElo "1707"]

1. e4 c5 2. d4 b6 3. dxc5 bxc5 4. Qd5 Nc6 5. Bb5 Qb6 6. Bxc6 dxc6 7. Qc4 Be6 8.
Qe2 g6 9. Nf3 Bg7 10. c3 Nh6 11. Be3 a5 12. h3 Rb8 13. e5 Nf5 14. b3 O-O 15. O-O
Nxe3 16. Qxe3 Rfd8 17. Nbd2 Rd7 18. Ne4 c4 19. Qxb6 Rxb6 20. Nc5 Rd5 21. Nxe6
fxe6 22. bxc4 Rc5 23. Rab1 Rxb1 24. Rxb1 Bxe5 25. Nxe5 Rxe5 26. Rb6 Rc5 27. Ra6
Kf7 28. Kf1 1-0

[Event "sÃ¡o paulo"]
[Site "http://www.queenalice.com/game.php?id=20985"]
[Date "2005.7.22"]
[Round "-"]
[White "silvaguimaraes"]
[Black "autism_logic"]
[Result "1-0"]
[WhiteElo "1654"]
[BlackElo "1689"]

1. e3 c5 2. d3 d5 3. d4 cxd4 4. exd4 Nc6 5. a3 Bf5 6. Be3 e6 7. Bf4 Bd6 8. Be3
Nf6 9. Nc3 O-O 10. Be2 a6 11. g4 Bg6 12. f3 b5 13. h4 Bg3+ 14. Kd2 b4 15. axb4
Nxb4 16. Rh3 Bxc2 17. Qf1 Bd6 18. h5 e5 19. Bd1 Bxd1 20. Qxd1 exd4 21. Bxd4 Bf4+
22. Ke2 Re8+ 23. Kf1 Qd6 24. Nge2 1-0